00503 2200193 4500001002100000005001500021035002000036008004100056245007900097100002200176250000600198260003300204300001200237084001400249082000800263650001400271990001200285990001200297INLIS00000000000036220240503072544 a0010-0424000338240503 0 ind 1 aKurikulum dan Pembelajaran Filosofi Teori dan Aplikasi /cElla Yulaelawati aYulaelawati, Ella a1 aBandung :bPakar Raya,c2017 a166 hlm a370 ELL k a370 4aNon Fiksi a0728673 a0728674